| 000 | 00557nam a22001817a 4500 | ||
|---|---|---|---|
| 005 | 20251108170532.0 | ||
| 008 | 250721s2000 xx 000 0 ara d | ||
| 082 | 1 | 4 | _a929.2565/مصا |
| 100 | 1 | _aالمصاروة، بشار محمد أبو نصير | |
| 245 | 1 | 0 |
_aعشائر مصاروة الجيزة ( زيزياء ) من 1864-1958 : _bدراسة تاريخية .... / |
| 264 | 1 |
_aمأدبا : _c2000. |
|
| 300 | _a422ص | ||
| 650 | 1 | 7 | _aالعشائر |
| 650 | 1 | 7 | _aصلة الدم |
| 650 | 1 | 7 | _aالأردن |
| 942 |
_2ddc _cBK |
||
| 999 |
_c42890 _d42890 |
||